[Event "4NCL Division Four"]
[Site "Daventry, ENG"]
[Date "2023.02.05"]
[Round "6.132"]
[White "Bentley, Alex"]
[Black "Chapman, Chas"]
[Result "1/2-1/2"]
[WhiteElo "1752"]
[BlackElo "1510"]
[PlyCount "61"]
[EventDate "2023.02.05"]
[WhiteTeam "Ashfield 3"]
[BlackTeam "War and Piece B"]

1. e4 c5 2. Nc3 d6 3. f4 g6 4. Nf3 Bg7 5. Bc4 Nc6 6. O-O e6 7. d3 Nge7 8. a3 a6
9. Qe1 b5 10. Bb3 Nd4 11. Nxd4 Bxd4+ 12. Be3 Nc6 13. Rc1 O-O 14. Bxd4 Nxd4 15.
Ba2 Qb6 16. Ne2 c4 17. Kh1 cxd3 18. cxd3 Nxe2 19. Qxe2 Bd7 20. Qf2 Qxf2 21.
Rxf2 Rac8 22. Rfc2 Rxc2 23. Rxc2 Rc8 24. Rxc8+ Bxc8 25. b4 e5 26. fxe5 dxe5 27.
Bd5 Kf8 28. Kg1 Kg7 29. Kf2 Kf6 30. Ke3 h5 31. d4 1/2-1/2

[Event "4NCL Division Four"]
[Site "Daventry, ENG"]
[Date "2023.02.05"]
[Round "6.133"]
[White "Charles, Steven"]
[Black "Hill, Maurice J"]
[Result "0-1"]
[WhiteElo "1469"]
[BlackElo "1792"]
[PlyCount "118"]
[EventDate "2023.02.05"]
[WhiteTeam "War and Piece B"]
[BlackTeam "Ashfield 3"]

1. Nf3 g6 2. g3 Bg7 3. Bg2 b6 4. O-O Bb7 5. d3 d5 6. Nbd2 Nf6 7. c3 Nbd7 8. d4
O-O 9. Bh3 e6 10. Qc2 c5 11. e3 Qc7 12. a4 a6 13. b3 Rfc8 14. Bb2 cxd4 15. exd4
h6 16. Nh4 Nf8 17. Nhf3 Ne4 18. Rac1 f5 19. Bg2 Nd7 20. Rfe1 g5 21. Qd1 Qd6 22.
Nxe4 dxe4 23. Nd2 b5 24. f3 exf3 25. Bxf3 Bxf3 26. Nxf3 bxa4 27. bxa4 Nb6 28.
Qb3 Nc4 29. Qc2 Rab8 30. Rb1 g4 31. Nd2 Nxb2 32. Rxb2 Rxb2 33. Qxb2 Qc6 34. Qb3
Qxc3 35. Qxe6+ Kh8 36. Nb3 Bxd4+ 37. Nxd4 Qxd4+ 38. Kf1 Qc4+ 39. Qxc4 Rxc4 40.
Re6 Rxa4 41. Rxh6+ Kg7 42. Rb6 Ra2 43. Kg1 a5 44. Ra6 a4 45. Kh1 a3 46. Kg1 Kf7
47. Kh1 Ke7 48. Kg1 Kd7 49. Kh1 Kc7 50. Kg1 Kb7 51. Ra4 Kb6 52. Ra8 Kc5 53.
Ra5+ Kb4 54. Ra8 Rb2 55. Rb8+ Kc3 56. Rc8+ Kd3 57. Rd8+ Ke3 58. Re8+ Kf3 59.
Re1 a2 0-1

[Event "4NCL Division Four"]
[Site "Daventry, ENG"]
[Date "2023.02.05"]
[Round "6.134"]
[White "Taylor, Robert P"]
[Black "Blair, Jimmy"]
[Result "1-0"]
[WhiteElo "1725"]
[BlackElo "1469"]
[PlyCount "77"]
[EventDate "2023.02.05"]
[WhiteTeam "Ashfield 3"]
[BlackTeam "War and Piece B"]

1. d4 d5 2. Nf3 Nc6 3. Nc3 Nf6 4. Bg5 h6 5. Bf4 a6 6. e3 Bg4 7. Be2 g5 8. Bg3
Bg7 9. h4 Ne4 10. Nxe4 dxe4 11. Nd2 Bxe2 12. Qxe2 Qd5 13. Bxc7 Nb4 14. O-O gxh4
15. a3 Nc6 16. Qg4 Qg5 17. Qxe4 f5 18. Qf4 Qxf4 19. Bxf4 O-O-O 20. Nf3 Bf6 21.
Kh1 Rdg8 22. Rg1 Rg4 23. Nh2 Rg6 24. g4 hxg3 25. Rxg3 Rxg3 26. Bxg3 h5 27. Nf3
h4 28. Bf4 e6 29. Rg1 Ne7 30. c4 h3 31. Kh2 Ng8 32. Ne5 Ne7 33. Rg3 Nc6 34.
Nxc6 bxc6 35. Rg6 Bd8 36. Rxe6 Kb7 37. Rg6 Kb6 38. b4 Bh4 39. Rg7 1-0

[Event "4NCL Division Four"]
[Site "Daventry, ENG"]
[Date "2023.02.05"]
[Round "6.135"]
[White "Knipe, Matthew"]
[Black "Taylor, Marcel V"]
[Result "1-0"]
[WhiteElo "1400"]
[BlackElo "1738"]
[PlyCount "51"]
[EventDate "2023.02.05"]
[WhiteTeam "War and Piece B"]
[BlackTeam "Ashfield 3"]

1. e4 c6 2. d4 d5 3. e5 Bf5 4. h4 h6 5. g4 Be4 6. f3 Bh7 7. e6 fxe6 8. Bd3 Bxd3
9. Qxd3 Qd6 10. f4 Nf6 11. Qg6+ Kd8 12. Nc3 h5 13. g5 Ng4 14. Nf3 Nd7 15. Nh2
Nxh2 16. Rxh2 Qb4 17. Qxe6 Qxd4 18. Be3 Qb4 19. O-O-O Nc5 20. Nxd5 Qxb2+ 21.
Kxb2 Nxe6 22. Nb6+ Kc7 23. Nxa8+ Kb8 24. f5 Kxa8 25. fxe6 Kb8 26. Rhd2 1-0

[Event "4NCL Division Four"]
[Site "Daventry, ENG"]
[Date "2023.02.05"]
[Round "6.136"]
[White "Willoughby, Robert H"]
[Black "Bradley, Eric"]
[Result "1-0"]
[WhiteElo "1598"]
[BlackElo "1227"]
[PlyCount "77"]
[EventDate "2023.02.05"]
[WhiteTeam "Ashfield 3"]
[BlackTeam "War and Piece B"]

1. d4 c6 2. c4 Qc7 3. Nf3 d6 4. Bf4 Nd7 5. e3 h6 6. Nc3 Ngf6 7. Bd3 e5 8. dxe5
dxe5 9. Bg3 g5 10. O-O Bd6 11. Rc1 Nf8 12. Qc2 Bg4 13. Nd2 h5 14. h3 Bd7 15.
Nde4 N6h7 16. Rfd1 Be7 17. c5 O-O-O 18. Nd6+ Bxd6 19. cxd6 Qb8 20. Bxe5 f6 21.
Nd5 Re8 22. Bh2 Re6 23. Bf5 Re5 24. Bxe5 fxe5 25. Ne7+ Kd8 26. Bxd7 Nxd7 27.
Qd2 Nhf6 28. Rxc6 Ne4 29. Qc2 Ndc5 30. Rc8+ Qxc8 31. Nxc8 Kxc8 32. b4 Rf8 33.
f3 Kd7 34. bxc5 Nf6 35. Qa4+ Ke6 36. Qxa7 e4 37. Qxb7 Rf7 38. Qb3+ Kf5 39. Qxf7
1-0

[Event "4NCL Division Four"]
[Site "Daventry, ENG"]
[Date "2023.02.05"]
[Round "6.141"]
[White "Varuruchi, Shresht"]
[Black "Marsh, Roger D W"]
[Result "1/2-1/2"]
[WhiteElo "1179"]
[BlackElo "1945"]
[PlyCount "50"]
[EventDate "2023.02.05"]
[WhiteTeam "Cambridge University Y2"]
[BlackTeam "Wessex Some Stars B"]

1. e4 g6 2. d4 Bg7 3. Nf3 c6 4. Nc3 d5 5. e5 Nh6 6. Be3 f6 7. exf6 exf6 8. Bd3
Nd7 9. Qe2 O-O 10. O-O-O f5 11. h3 Nf7 12. g4 fxg4 13. hxg4 Nf6 14. g5 Ng4 15.
Rh4 Nxe3 16. Qxe3 Re8 17. Qd2 Bf5 18. Bxf5 gxf5 19. Rg1 Nd6 20. g6 Ne4 21.
gxh7+ Kh8 22. Nxe4 Rxe4 23. Ng5 Qf6 24. Rxe4 fxe4 25. Rh1 Rf8 1/2-1/2

[Event "4NCL Division Four"]
[Site "Daventry, ENG"]
[Date "2023.02.05"]
[Round "6.142"]
[White "Deacon, David J"]
[Black "Evans, Joseph"]
[Result "1-0"]
[WhiteElo "1839"]
[BlackElo "1195"]
[PlyCount "47"]
[EventDate "2023.02.05"]
[WhiteTeam "Wessex Some Stars B"]
[BlackTeam "Cambridge University Y2"]

1. d4 Nf6 2. c4 g6 3. Nf3 Bg7 4. g3 d6 5. Bg2 O-O 6. O-O Re8 7. Nc3 Be6 8. b3
d5 9. Ng5 c6 10. Nxe6 fxe6 11. e3 Rf8 12. Bb2 a5 13. Qe2 Na6 14. Rad1 Nc7 15.
a4 Nd7 16. f4 e5 17. fxe5 e6 18. Ba3 Rf5 19. Bh3 Rxf1+ 20. Rxf1 b6 21. Qf3 c5
22. cxd5 Kh8 23. d6 Ne8 24. Bxe6 1-0

[Event "4NCL Division Four"]
[Site "Daventry, ENG"]
[Date "2023.02.05"]
[Round "6.143"]
[White "Santosh Kumar, Darsh"]
[Black "Deacon, Matthew"]
[Result "1/2-1/2"]
[WhiteElo "1090"]
[BlackElo "1682"]
[PlyCount "35"]
[EventDate "2023.02.05"]
[WhiteTeam "Cambridge University Y2"]
[BlackTeam "Wessex Some Stars B"]

1. Nf3 g6 2. g3 Bg7 3. Bg2 c5 4. O-O Nc6 5. d3 d6 6. e4 e5 7. Nc3 Nge7 8. Nd5
O-O 9. c4 f5 10. h3 h6 11. Bd2 Nd4 12. Nxd4 cxd4 13. Qc1 Kh7 14. f4 fxe4 15.
dxe4 Bd7 16. b3 Rc8 17. Qa3 Nxd5 18. exd5 1/2-1/2

[Event "4NCL Division Four"]
[Site "Daventry, ENG"]
[Date "2023.02.05"]
[Round "6.144"]
[White "Deacon, Nicholas"]
[Black "Sharma, Reyansh"]
[Result "1-0"]
[WhiteElo "1402"]
[BlackElo "1000"]
[PlyCount "51"]
[EventDate "2023.02.05"]
[WhiteTeam "Wessex Some Stars B"]
[BlackTeam "Cambridge University Y2"]

1. d4 d5 2. c4 Nf6 3. cxd5 Nxd5 4. e4 Nf6 5. Nc3 Bg4 6. Nf3 e6 7. Be3 Bb4 8.
Be2 Qd6 9. Qd3 Bxc3+ 10. bxc3 O-O 11. Rb1 Bxf3 12. Bxf3 Nc6 13. Rxb7 Na5 14.
Rb1 Rab8 15. O-O Rxb1 16. Rxb1 Nc4 17. Qxc4 Re8 18. Bg5 Qd7 19. Bf4 c6 20. Qa6
c5 21. Rb7 Qc8 22. Qxa7 h6 23. Rxf7 Kh7 24. Rxg7+ Kh8 25. Rh7+ Kg8 26. Qg7# 1-0

[Event "4NCL Division Four"]
[Site "Daventry, ENG"]
[Date "2023.02.05"]
[Round "6.151"]
[White "Pink, Joshua"]
[Black "Shek, Daniel"]
[Result "1-0"]
[WhiteElo "1887"]
[BlackElo "1545"]
[PlyCount "127"]
[EventDate "2023.02.05"]
[WhiteTeam "Coventry"]
[BlackTeam "Crowthorne B"]

1. e4 c5 2. Nf3 Nc6 3. d4 cxd4 4. Nxd4 d6 5. c4 Nf6 6. Nc3 g6 7. Be2 Bg7 8. Be3
Bd7 9. O-O O-O 10. Rc1 Nxd4 11. Bxd4 Bc6 12. f3 Bh6 13. Rc2 Nh5 14. g3 e5 15.
Bf2 Qd7 16. Nd5 Bxd5 17. Qxd5 Nf6 18. Qd3 Qc7 19. Rd1 Rfd8 20. Be3 Bxe3+ 21.
Qxe3 Qc5 22. Kf2 Kf8 23. Rc3 Ke7 24. a3 b6 25. b4 Qxe3+ 26. Kxe3 Rac8 27. Rdc1
Nd7 28. f4 f6 29. Bg4 Rc7 30. Bxd7 Rcxd7 31. h4 h5 32. R1c2 Ke6 33. Rd2 Rc8 34.
Rd5 Rdc7 35. Rcd3 Rd7 36. Rc3 Rdc7 37. fxe5 fxe5 38. Kd3 Rf8 39. Kc2 Rf2+ 40.
Kb3 Re2 41. Rcd3 Rxe4 42. Rxd6+ Ke7 43. Rxg6 Rexc4 44. Rh6 b5 45. Re3 e4 46.
Rxh5 a6 47. Re5+ Kf6 48. R5xe4 Rc1 49. Rf4+ Kg7 50. Rff3 Rb1+ 51. Ka2 Rcc1 52.
Re2 Rg1 53. Rd3 Kf7 54. h5 Kg7 55. Rh2 Kh7 56. h6 Ra1+ 57. Kb2 Rgb1+ 58. Kc2
Rc1+ 59. Kb3 Rab1+ 60. Rb2 Rxb2+ 61. Kxb2 Rc6 62. a4 Kxh6 63. axb5 axb5 64. Rd5
1-0

[Event "4NCL Division Four"]
[Site "Daventry, ENG"]
[Date "2023.02.05"]
[Round "6.152"]
[White "McKean, Matthew"]
[Black "Goodwin, Ed H"]
[Result "0-1"]
[WhiteElo "1515"]
[BlackElo "1822"]
[PlyCount "48"]
[EventDate "2023.02.05"]
[WhiteTeam "Crowthorne B"]
[BlackTeam "Coventry"]

1. c4 e5 2. Nc3 Nc6 3. g3 f5 4. Bg2 Nf6 5. d3 Bc5 6. Bg5 Bxf2+ 7. Kxf2 Ng4+ 8.
Ke1 Qxg5 9. Nd5 Qd8 10. Nf3 O-O 11. Qd2 d6 12. h3 Nf6 13. Ng5 Ne7 14. Nxe7+
Qxe7 15. g4 c6 16. d4 Bd7 17. b4 exd4 18. Qxd4 h6 19. Nf3 Rae8 20. Bf1 fxg4 21.
hxg4 Bxg4 22. Kd1 c5 23. Qd3 Bxf3 24. Qxf3 Ne4 0-1

[Event "4NCL Division Four"]
[Site "Daventry, ENG"]
[Date "2023.02.05"]
[Round "6.154"]
[White "Coates, Kenneth G"]
[Black "Borrowdale, Graham E"]
[Result "1/2-1/2"]
[WhiteElo "2019"]
[BlackElo "1964"]
[PlyCount "53"]
[EventDate "2023.02.05"]
[WhiteTeam "Crowthorne B"]
[BlackTeam "Cambridge University 3"]

1. d4 e6 2. e4 d5 3. exd5 exd5 4. Bd3 Nc6 5. c3 Bd6 6. Qf3 Be6 7. Ne2 Qf6 8.
Qxf6 Nxf6 9. Bf4 O-O-O 10. O-O Ne7 11. Nd2 Bxf4 12. Nxf4 Bf5 13. Rfe1 Nfg8 14.
Re2 g5 15. Bxf5+ Nxf5 16. Nd3 Nd6 17. Rae1 c6 18. Re5 h6 19. f3 Nf6 20. Kf2
Rhe8 21. g3 Nd7 22. Re7 Rxe7 23. Rxe7 Re8 24. Rxe8+ Nxe8 25. f4 f6 26. Kf3 Ng7
27. Nf2 1/2-1/2

[Event "4NCL Division Four"]
[Site "Daventry, ENG"]
[Date "2023.02.05"]
[Round "6.155"]
[White "Phillips, William"]
[Black "Leadbetter, Scott"]
[Result "1-0"]
[WhiteElo "1789"]
[BlackElo "1609"]
[PlyCount "103"]
[EventDate "2023.02.05"]
[WhiteTeam "Cambridge University 3"]
[BlackTeam "Crowthorne B"]

1. d4 Nf6 2. Nf3 d6 3. Nc3 Nbd7 4. e4 e5 5. Be2 c6 6. O-O Qc7 7. h3 h6 8. Be3
Be7 9. Qd2 g5 10. Nh2 Nf8 11. Ng4 Ng6 12. Rad1 Nf4 13. dxe5 Nxe2+ 14. Qxe2 Nxg4
15. hxg4 dxe5 16. Rd2 Be6 17. Rfd1 O-O 18. f3 b5 19. a3 Rad8 20. Qf2 a6 21. Bb6
Rxd2 22. Rxd2 Qb7 23. Ne2 Rc8 24. Bc5 Rd8 25. Rxd8+ Bxd8 26. Ng3 Qd7 27. Qe1 a5
28. Nf5 Kh7 29. Be3 Bxf5 30. exf5 Qd6 31. Qd2 Qxd2 32. Bxd2 Bb6+ 33. Kf1 Kg7
34. Ke2 Kf6 35. Kd3 Ke7 36. c4 Kd6 37. c5+ Bxc5 38. Bxa5 Kd7 39. Kc3 Be7 40. b3
Kd6 41. b4 c5 42. bxc5+ Kd5 43. Kd3 Bxc5 44. Bc7 b4 45. axb4 Bxb4 46. Kc2 Kd4
47. Bd8 f6 48. Bxf6 Bf8 49. Bxe5+ Ke3 50. Kc3 Kf2 51. Bf6 Kxg2 52. Kd3 1-0

[Event "4NCL Division Four"]
[Site "Daventry, ENG"]
[Date "2023.02.05"]
[Round "6.156"]
[White "Coates, Christine"]
[Black "Goldsmith, Jennifer"]
[Result "0-1"]
[WhiteElo "1340"]
[BlackElo "1308"]
[PlyCount "90"]
[EventDate "2023.02.05"]
[WhiteTeam "Crowthorne B"]
[BlackTeam "Cambridge University 3"]

1. d4 d5 2. Bf4 Nf6 3. Nf3 Bf5 4. e3 e6 5. Nbd2 c6 6. Be2 Be7 7. O-O O-O 8. h3
c5 9. c3 Nc6 10. Ne5 Nxe5 11. Bxe5 cxd4 12. cxd4 Rc8 13. Rc1 Qb6 14. Qb3 Qxb3
15. Nxb3 b6 16. Ba6 Rxc1 17. Rxc1 Ra8 18. a3 Ne4 19. Rc8+ Rxc8 20. Bxc8 Nd6 21.
Bxd6 Bxd6 22. Nd2 Kf8 23. Nf3 Bd3 24. Ne5 Bxe5 25. dxe5 Ke7 26. Bb7 Kd7 27. f4
Kc7 28. Ba8 Bb5 29. Kf2 Kb8 30. Bxd5 exd5 31. Ke1 Kc7 32. Kd2 Kc6 33. g3 Kc5
34. Kc3 Bd7 35. h4 h5 36. b4+ Kc6 37. Kd4 Bf5 38. a4 a6 39. Kc3 a5 40. Kb3 Be4
41. Kc3 g6 42. bxa5 bxa5 43. Kd4 Bf5 44. Kc3 Kc5 45. Kb3 Be4 0-1

[Event "4NCL Division Four"]
[Site "Daventry, ENG"]
[Date "2023.02.05"]
[Round "6.157"]
[White "Breed, Greg J"]
[Black "Ireland, David J"]
[Result "1-0"]
[WhiteElo "1797"]
[BlackElo "1971"]
[PlyCount "161"]
[EventDate "2023.02.05"]
[WhiteTeam "Cambridge University 3"]
[BlackTeam "Coventry"]

1. d4 Nf6 2. c4 c5 3. d5 b5 4. cxb5 a6 5. b6 g6 6. Nc3 Bg7 7. e4 d6 8. Be2 Qxb6
9. Nf3 Bg4 10. Nd2 Bxe2 11. Qxe2 Nbd7 12. Nc4 Qc7 13. O-O O-O 14. Be3 Nb6 15.
Rac1 Nxc4 16. Qxc4 Rfb8 17. Qe2 Rb4 18. f3 Nd7 19. b3 Qb7 20. Rc2 Rc8 21. Rfc1
Nb6 22. Nd1 Bd4 23. Kf1 Bxe3 24. Nxe3 a5 25. Nc4 Ra8 26. Rb2 a4 27. bxa4 Nxa4
28. Rxb4 Qxb4 29. Qc2 Nb6 30. Nxb6 Qxb6 31. Qc4 Qa5 32. Rc2 Rb8 33. Kf2 Rb1 34.
Kg3 h5 35. Qc3 Qa8 36. Rb2 Rxb2 37. Qxb2 g5 38. h4 f6 39. hxg5 fxg5 40. Qd2 h4+
41. Kh2 c4 42. Qxg5+ Kf7 43. Qh5+ Kg8 44. Qg6+ Kf8 45. Qh6+ Kf7 46. Qh7+ Kf6
47. f4 c3 48. Qxh4+ Kf7 49. Qh7+ Kf6 50. Qh6+ Kf7 51. Qe6+ Kf8 52. e5 dxe5 53.
fxe5 Qxa2 54. Qh6+ Kg8 55. Qg6+ Kf8 56. Qf5+ Kg7 57. e6 c2 58. Qg5+ Kh8 59.
Qh6+ Kg8 60. Qg6+ Kh8 61. Qe8+ Kh7 62. Qxe7+ Kh6 63. Qf6+ Kh7 64. Qf7+ Kh6 65.
Qf4+ Kg7 66. Qg5+ Kh7 67. e7 Qa4 68. Qf5+ Kh6 69. Qf8+ Kg5 70. Qg8+ Kh6 71.
Qh8+ Kg5 72. Qe5+ Kh6 73. Qe6+ Kg7 74. e8=Q Qxe8 75. Qxe8 c1=Q 76. Qe5+ Kf7 77.
Qf5+ Ke7 78. Qe6+ Kd8 79. Qd6+ Kc8 80. Qc6+ Qxc6 81. dxc6 1-0

[Event "4NCL Division Four"]
[Site "Daventry, ENG"]
[Date "2023.02.05"]
[Round "6.158"]
[White "Ward, Andrew"]
[Black "Sartain, Patrick"]
[Result "1-0"]
[WhiteElo "1841"]
[BlackElo "1417"]
[PlyCount "83"]
[EventDate "2023.02.05"]
[WhiteTeam "Coventry"]
[BlackTeam "Cambridge University 3"]

1. c4 e5 2. Nc3 d6 3. g3 Nf6 4. Bg2 c6 5. e4 Be7 6. Nge2 Bg4 7. O-O Qd7 8. d4
exd4 9. Qxd4 c5 10. Qe3 Nc6 11. f3 Bh3 12. Bxh3 Qxh3 13. Nf4 Qd7 14. Ncd5 Ne5
15. Nxe7 Qxe7 16. b3 O-O-O 17. Bb2 g5 18. Nd5 Nxd5 19. exd5 f6 20. b4 Rde8 21.
bxc5 dxc5 22. Bxe5 fxe5 23. Rae1 h6 24. f4 gxf4 25. Rxf4 Kc7 26. Re4 Kd6 27.
Qa3 Qc7 28. Rxe5 Rxe5 29. Rxe5 Qg7 30. Re6+ Kd7 31. Qxc5 Qa1+ 32. Kf2 Qb2+ 33.
Re2 Qf6+ 34. Kg2 Rf8 35. Rf2 Qxf2+ 36. Qxf2 Rxf2+ 37. Kxf2 Kd6 38. a4 a6 39.
Ke3 b5 40. cxb5 axb5 41. axb5 Kxd5 42. Kf4 1-0

[Event "4NCL Division Four"]
[Site "Daventry, ENG"]
[Date "2023.02.05"]
[Round "6.159"]
[White "Sharma, Rajeev"]
[Black "Woolgar, Steven G"]
[Result "0-1"]
[WhiteElo "1250"]
[BlackElo "1616"]
[PlyCount "90"]
[EventDate "2023.02.05"]
[WhiteTeam "Cambridge University 3"]
[BlackTeam "Coventry"]

1. e4 c5 2. c4 Nc6 3. Nf3 g6 4. d3 Bg7 5. Be2 d6 6. O-O Nf6 7. Nc3 O-O 8. Rb1
Bd7 9. Be3 b6 10. Qd2 Ng4 11. h3 Nxe3 12. Qxe3 Nd4 13. Nd5 Nxe2+ 14. Qxe2 e6
15. Nc3 Bc6 16. Qe3 d5 17. Rfd1 d4 18. Qf4 dxc3 19. bxc3 Bxc3 20. d4 cxd4 21.
Rd3 Ba4 22. Rc1 Bb2 23. Re1 Rc8 24. Ne5 f6 25. Ng4 e5 26. Qf3 Bc2 27. Re2 Bxd3
28. Rxb2 Bxc4 29. Rc2 Be6 30. Rd2 Bxg4 31. Qxg4 Rc1+ 32. Rd1 Rxd1+ 33. Qxd1 Qd7
34. Qb3+ Qf7 35. Qb2 Rc8 36. a4 Qc4 37. Kh2 d3 38. Qd2 Kg7 39. Kg3 Qxe4 40. f3
Qf4+ 41. Kf2 Qxd2+ 42. Kg3 Qf4+ 43. Kf2 Rc2+ 44. Kg1 Qg3 45. h4 Qxg2# 0-1

[Event "4NCL Division Four"]
[Site "Daventry, ENG"]
[Date "2023.03.25"]
[Round "7.11"]
[White "Smith, Alan A"]
[Black "Hazlehurst, Cory S"]
[Result "1/2-1/2"]
[WhiteElo "2183"]
[BlackElo "2051"]
[PlyCount "37"]
[EventDate "2023.03.25"]
[WhiteTeam "Average Wood Pushers A"]
[BlackTeam "MASCeteers"]

1. e4 c6 2. d4 d5 3. e5 c5 4. dxc5 e6 5. Nf3 Bxc5 6. Bd3 Nc6 7. c3 f6 8. b4 Bb6
9. b5 Nxe5 10. Nxe5 fxe5 11. Qh5+ Kf8 12. Qxe5 Qf6 13. Qe2 Ne7 14. O-O Ng6 15.
Qh5 Bd7 16. Bg5 Qf7 17. Nd2 Ne5 18. Be7+ Kxe7 19. Qxe5 1/2-1/2

[Event "4NCL Division Four"]
[Site "Daventry, ENG"]
[Date "2023.03.25"]
[Round "7.12"]
[White "Hurney, Kevin"]
[Black "Rawlinson, Aidan M"]
[Result "1/2-1/2"]
[WhiteElo "2047"]
[BlackElo "2240"]
[PlyCount "36"]
[EventDate "2023.03.25"]
[WhiteTeam "MASCeteers"]
[BlackTeam "Average Wood Pushers A"]

1. e4 g6 2. d4 Bg7 3. Bc4 d6 4. c3 Nf6 5. Qe2 O-O 6. Nf3 Nc6 7. O-O Bg4 8. h3
Bxf3 9. Qxf3 e5 10. Bb5 exd4 11. Bxc6 bxc6 12. cxd4 Re8 13. Nc3 Rb8 14. Re1 Nd7
15. Rd1 c5 16. dxc5 Nxc5 17. Be3 Ne6 18. Rab1 Qh4 1/2-1/2

[Event "4NCL Division Four"]
[Site "Daventry, ENG"]
[Date "2023.03.25"]
[Round "7.13"]
[White "Zhu, Yaoyao"]
[Black "Clarke, Neil"]
[Result "1/2-1/2"]
[WhiteElo "2079"]
[BlackElo "1982"]
[PlyCount "66"]
[EventDate "2023.03.25"]
[WhiteTeam "Average Wood Pushers A"]
[BlackTeam "MASCeteers"]

1. e4 g6 2. d4 Bg7 3. Nc3 d6 4. f4 a6 5. Nf3 b5 6. a3 Nd7 7. Be2 Bb7 8. O-O c5
9. d5 Qc7 10. Re1 Rc8 11. Bf1 Nh6 12. e5 O-O 13. exd6 exd6 14. Ne4 Nf5 15. a4
bxa4 16. c4 Nf6 17. Qxa4 Nxe4 18. Rxe4 Qd8 19. Bd2 Nd4 20. Nxd4 Bxd4+ 21. Be3
Bxe3+ 22. Rxe3 Re8 23. Rae1 Rxe3 24. Rxe3 Qf6 25. Qd7 Qd4 26. Qe7 Rb8 27. Kh1
Bc8 28. Qxd6 Qxe3 29. Qxb8 Qf2 30. Qxc8+ Kg7 31. h3 Qxf1+ 32. Kh2 Qxf4+ 33. Kh1
Qf1+ 1/2-1/2

[Event "4NCL Division Four"]
[Site "Daventry, ENG"]
[Date "2023.03.25"]
[Round "7.14"]
[White "Dos Santos Silva, Bruno Alexandre"]
[Black "Garcia-Ruiz Fuentes, Aitor"]
[Result "0-1"]
[WhiteElo "1780"]
[BlackElo "2077"]
[PlyCount "78"]
[EventDate "2023.03.25"]
[WhiteTeam "MASCeteers"]
[BlackTeam "Average Wood Pushers A"]

1. d4 Nf6 2. Nc3 g6 3. e4 d6 4. Nf3 Bg7 5. Be2 O-O 6. O-O Bg4 7. h3 Bxf3 8.
Bxf3 Nc6 9. d5 Ne5 10. Be2 c6 11. dxc6 bxc6 12. Be3 Rb8 13. Rb1 Qa5 14. Qd2
Rfe8 15. Bh6 Bh8 16. Kh1 Qc5 17. Qe3 Qxe3 18. Bxe3 c5 19. f4 Nc6 20. e5 Nh5 21.
Bxh5 gxh5 22. Rf3 h6 23. b3 Nd4 24. Bxd4 cxd4 25. Ne4 dxe5 26. fxe5 Rb5 27.
Rbf1 Rxe5 28. Ng3 Bf6 29. Nf5 Re2 30. Nxh6+ Kh7 31. Nf5 Rxc2 32. Ng3 Kg6 33.
Ne4 Be5 34. Rxf7 Re2 35. Nc5 Bf6 36. R7xf6+ exf6 37. Rf3 R8e3 38. Kg1 Rxf3 39.
gxf3 Rxa2 0-1

[Event "4NCL Division Four"]
[Site "Daventry, ENG"]
[Date "2023.03.25"]
[Round "7.15"]
[White "Burke, Mitchell R"]
[Black "Isik, Muhammed Oguz"]
[Result "0-1"]
[WhiteElo "2032"]
[BlackElo "1746"]
[PlyCount "104"]
[EventDate "2023.03.25"]
[WhiteTeam "Average Wood Pushers A"]
[BlackTeam "MASCeteers"]

1. d4 Nf6 2. Nc3 d5 3. Bf4 c6 4. Qd2 Bf5 5. f3 h6 6. g4 Bh7 7. h4 Bg8 8. Nh3 g6
9. Nf2 Nbd7 10. e4 dxe4 11. fxe4 Nb6 12. O-O-O Bg7 13. Be2 Nfd7 14. Qe3 Qc8 15.
Qg3 Nf8 16. d5 Bxc3 17. Qxc3 f6 18. Qa5 cxd5 19. exd5 Nfd7 20. Bd3 Kf7 21. g5
hxg5 22. hxg5 Rxh1 23. Rxh1 Qc5 24. Qe1 Nxd5 25. Ne4 Qd4 26. Bd2 Rc8 27. Nc3
Ne5 28. gxf6 Nxd3+ 29. cxd3 exf6 30. Rh4 Qxd3 31. Qg1 Nxc3 32. Bxc3 Re8 33.
Qxa7 Qe3+ 34. Qxe3 Rxe3 35. Rb4 Re7 36. Rb6 Re6 37. Rxb7+ Kf8 38. a4 Bf7 39. a5
f5 40. Rb6 Rxb6 41. axb6 Bd5 42. Kd2 Kf7 43. Ke2 g5 44. Kf2 f4 45. Bd4 Ke6 46.
Bc5 Bb7 47. Bf8 g4 48. b4 Kd5 49. Be7 g3+ 50. Kf3 Ke5+ 51. Ke2 f3+ 52. Ke3 f2
0-1

[Event "4NCL Division Four"]
[Site "Daventry, ENG"]
[Date "2023.03.25"]
[Round "7.16"]
[White "Vaidyanathan, Sathya"]
[Black "Kay, Lee P"]
[Result "1/2-1/2"]
[WhiteElo "1554"]
[BlackElo "2027"]
[PlyCount "70"]
[EventDate "2023.03.25"]
[WhiteTeam "MASCeteers"]
[BlackTeam "Average Wood Pushers A"]

1. e4 g6 2. d4 Bg7 3. Nf3 c6 4. Be3 d5 5. exd5 cxd5 6. c3 Nh6 7. Bd3 Bf5 8.
Bxh6 Bxh6 9. Bxf5 gxf5 10. Qa4+ Qd7 11. Qxd7+ Nxd7 12. Nbd2 Rg8 13. g3 Nf6 14.
h3 Ne4 15. Nxe4 dxe4 16. Nh4 e6 17. Ng2 O-O-O 18. Rd1 Rd5 19. Ke2 Rgd8 20. Ne3
Ra5 21. a3 f4 22. gxf4 Bxf4 23. Rhg1 Rh5 24. Rg4 Bxe3 25. fxe3 Rxh3 26. Rxe4
Rh2+ 27. Kd3 Rxb2 28. Rh1 Ra2 29. Rxh7 Rd7 30. Rf4 f5 31. Rh6 Re7 32. d5 exd5
33. Rxf5 Rd7 34. Rhh5 Rxa3 35. Rxd5 Ra1 1/2-1/2

[Event "4NCL Division Four"]
[Site "Daventry, ENG"]
[Date "2023.03.25"]
[Round "7.22"]
[White "Waddington, Mike P"]
[Black "Twisk, Sebastian"]
[Result "1-0"]
[WhiteElo "2088"]
[BlackElo "1578"]
[PlyCount "67"]
[EventDate "2023.03.25"]
[WhiteTeam "Poole Patzers"]
[BlackTeam "Guildford Young Guns"]

1. e4 c6 2. d4 d5 3. exd5 cxd5 4. Bd3 Nc6 5. c3 Qc7 6. Nf3 Bg4 7. O-O e6 8.
Nbd2 Bd6 9. h3 Bh5 10. Re1 Nf6 11. Nf1 Bg6 12. Bxg6 hxg6 13. Ng5 O-O 14. Qf3 b5
15. Ne3 b4 16. Ng4 Be7 17. Bf4 Qd7 18. Re3 Nxg4 19. hxg4 Bxg5 20. Bxg5 f6 21.
Bh4 g5 22. Bg3 bxc3 23. bxc3 Kf7 24. Rae1 Rfe8 25. Qe2 Rac8 26. f4 gxf4 27.
Bxf4 Na5 28. g5 Nc4 29. Qh5+ Kf8 30. Qh8+ Kf7 31. g6+ Kxg6 32. Rg3+ Kf5 33.
Qh7+ Kxf4 34. Qg6 1-0

[Event "4NCL Division Four"]
[Site "Daventry, ENG"]
[Date "2023.03.25"]
[Round "7.23"]
[White "Butcher, Nathaniel"]
[Black "Weatherlake, John P"]
[Result "0-1"]
[WhiteElo "1521"]
[BlackElo "2022"]
[PlyCount "54"]
[EventDate "2023.03.25"]
[WhiteTeam "Guildford Young Guns"]
[BlackTeam "Poole Patzers"]

1. c4 e5 2. Nc3 Bb4 3. e4 Bxc3 4. bxc3 Nf6 5. d3 O-O 6. g3 d6 7. Bg2 Nc6 8. Ne2
Bd7 9. O-O Qc8 10. Bg5 Ne8 11. d4 Bh3 12. d5 h6 13. dxc6 Bxg2 14. Kxg2 hxg5 15.
Qd2 g4 16. cxb7 Qxb7 17. Qd5 Qa6 18. Qb5 Qb6 19. Rab1 Nf6 20. f3 Rab8 21. Qxb6
axb6 22. Rb2 Ra8 23. Ra1 Ra3 24. Kf2 Rfa8 25. Ke3 gxf3 26. Kxf3 R8a4 27. Rb4
Rxb4 0-1

[Event "4NCL Division Four"]
[Site "Daventry, ENG"]
[Date "2023.03.25"]
[Round "7.24"]
[White "Fuller, David Michael"]
[Black "Swanson, Thales"]
[Result "1-0"]
[WhiteElo "1956"]
[BlackElo "1523"]
[PlyCount "73"]
[EventDate "2023.03.25"]
[WhiteTeam "Poole Patzers"]
[BlackTeam "Guildford Young Guns"]

1. e4 e5 2. Nf3 Nc6 3. Bc4 Nf6 4. d3 Bc5 5. c3 d5 6. exd5 Nxd5 7. h3 O-O 8. O-O
Bf5 9. b4 Ndxb4 10. cxb4 Bd4 11. Bg5 Qd7 12. Nxd4 Qxd4 13. Na3 Nxb4 14. Nc2
Nxc2 15. Qxc2 Kh8 16. Qe2 f6 17. Be3 Qc3 18. Rfc1 Qa3 19. Rab1 b6 20. Rb3 Qd6
21. a4 Rfd8 22. Ra1 a5 23. Rc1 e4 24. d4 Be6 25. Bxe6 Qxe6 26. Qc4 Qxc4 27.
Rxc4 Rac8 28. Rbc3 Rd7 29. Bf4 Rcd8 30. Bxc7 Rc8 31. Bxb6 Rxc4 32. Rxc4 g6 33.
Rc8+ Kg7 34. Rc7 Rxc7 35. Bxc7 Kf7 36. Bxa5 Ke7 37. Bb4+ 1-0